Plan Colombia Atrocidades, aliados de Estados Unidos y activismo comunitario /

Detalles Bibliográficos
Autor principal: Lindsay-Poland, John
Formato: eBook
Lenguaje:español
Publicado: Bogot:̀ Editorial Universidad de Rosario (Colombia), 2020
Materias:
Acceso en línea:Acceso restringido

MARC

LEADER 00000nam a22000007a 4500
005 2021042708418.0
007 cr|||| ||||
008 210427s2020 co |||||s|||| 00||0 spa d
020 |a 978-958-784-442-9 
035 |a 33131 
040 |a vLex 
090 |c 11545  |d 11545 
100 1 |a Lindsay-Poland, John 
245 1 0 |a Plan Colombia  |h [Recurso electrn̤ico] :  |b Atrocidades, aliados de Estados Unidos y activismo comunitario /  |c John Lindsay-Poland 
256 |a Servicio en ln̕ea 
260 |a Bogot:̀  |b Editorial Universidad de Rosario (Colombia),  |c 2020 
300 |a 1 recurso electrn̤ico 
506 1 |a Disponible solo en los productos indicados  |d vLex Global  |d vLex Global (Academic Edition, excluding Law Schools)  |d vLex Global (U.S. Academic Edition, Law Schools)  |d vLex Global (U.S. Academic Edition, excluding Law Schools)  |d vLex Global (Academic Edition, Law Schools) 
650 0 4 |a Derecho Pb︢lico y Administrativo  |z Colombia 
740 0 |a vLex Libros (Servicio en ln̕ea) 
856 4 0 |u https://vlex.com/source/plan-colombia-atrocidades-aliados-estados-unidos-activismo-comunitario-33131  |z Acceso restringido 
942 |c BOOK 
999 0 |a Public and Administrative Law